000
00200nam a22000857a 4500
008
170118b xxu||||| |||| 00| 0 eng d
100
_9
2467
_a
CBSE
245
_a
Hindi F.A-IX
260
_a
New Delhi
_b
CBSE
_c
2010
999
_c
5528
_d
5528